Vtáci našej pamäti Stretnutie s jubilujúcim národným umelcom ZSSR Čingizom Ajtmatovom

Bibliographic Details
Main Authors: Ťapajová, Elena, 1944-2023 (Author), Ajtmatov, Čingiz, 1928-2008 (Author)
Format: Article
Language:Slovak
PhysicalDescription:Fot. 1.
Subjects:

MARC

LEADER 00000nab a2200000 a 4500
001 vtls000342953
003 SK-MaSNL
005 20260303201812.0
008 111201c1988 xo 0 slo
015 |a SNBRB19rr/mm-uuuuu 
035 |a CL0343075 
040 |a SNKBUCL  |b slo  |c SNKBUCL  |e AACR2 
041 0 |a slo 
044 |a xo  |c SK 
080 |a 82:929:894.342  |2 1981 
080 |a 929  |2 1981 
080 |a 894.342  |2 1981 
080 |a 929 Ajtmatov, Čingiz  |2 1981 
100 1 |a Ťapajová, Elena,  |d 1944-2023  |4 aut  |9 5234 
245 1 0 |a Vtáci našej pamäti  |b Stretnutie s jubilujúcim národným umelcom ZSSR Čingizom Ajtmatovom  |c Elena Ťapajová, Čingiz Ajtmatov 
300 |b Fot. 1. 
600 1 7 |a Ajtmatov, Čingiz,  |d 1928-2008  |2 snkbucl  |9 250029 
650 0 7 |a Ajtmatov, Čingiz,  |d 1928-2008  |2 snkbucl  |9 941711 
655 7 |a články z novín a časopisov  |2 snkbucl  |9 267496 
655 7 |a články z odboru literárna veda a krásna literatúra  |2 snkbucl  |9 770045 
700 1 |a Ajtmatov, Čingiz,  |d 1928-2008  |4 aut  |9 250029 
773 0 |t Slovenka  |g Roč. 40, č. 50 (1988), s. 22 
850 |a Slovenská národná knižnica v Martine  |a MTA001 
852 |a SNK  |b KIS3GCP 
958 |a RK 
958 |a LX 
958 |a SU 
992 |a RBX 
999 |c 2176271  |d 2178201